Going after Cacciato : (Record no. 350842)
[ view plain ]
| 000 -LEADER | |
|---|---|
| fixed length control field | 00777cam a2200289 i 4500 |
| 001 - CONTROL NUMBER | |
| control field | 130637 |
| 003 - CONTROL NUMBER IDENTIFIER | |
| control field | OSt |
| 005 - DATE AND TIME OF LATEST TRANSACTION | |
| control field | 20180116183027.0 |
| 008 - FIXED-LENGTH DATA ELEMENTS--GENERAL INFORMATION | |
| fixed length control field | 781001s1978 nyu 000 1 eng |
| 010 ## - LIBRARY OF CONGRESS CONTROL NUMBER | |
| LC control number | 77011723 |
| 020 ## - INTERNATIONAL STANDARD BOOK NUMBER | |
| International Standard Book Number | 0440029481 |
| 035 ## - SYSTEM CONTROL NUMBER | |
| System control number | (OCoLC)3240718 |
| 035 ## - SYSTEM CONTROL NUMBER | |
| System control number | (OCoLC)ocm03240718 |
| 035 ## - SYSTEM CONTROL NUMBER | |
| System control number | (NNC)130637 |
| 040 ## - CATALOGING SOURCE | |
| Transcribing agency | 0 |
| 050 0# - LIBRARY OF CONGRESS CALL NUMBER | |
| Classification number | PZ4.O1362 |
| Item number | Go |
| Classification number | PS3565.B75; |
| 082 ## - DEWEY DECIMAL CLASSIFICATION NUMBER | |
| Classification number | 813.54 OBR 1975 |
| 090 ## - LOCALLY ASSIGNED LC-TYPE CALL NUMBER (OCLC); LOCAL CALL NUMBER (RLIN) | |
| Local cutter number (OCLC) ; Book number/undivided call number, CALL (RLIN) | PS3565.B75/G6 |
| 100 1# - MAIN ENTRY--PERSONAL NAME | |
| Personal name | O'Brien, Tim. |
| 245 10 - TITLE STATEMENT | |
| Title | Going after Cacciato : |
| Remainder of title | a novel / |
| Statement of responsibility, etc. | by Tim O'Brien. |
| 260 ## - PUBLICATION, DISTRIBUTION, ETC. | |
| Place of publication, distribution, etc. | New York : |
| Name of publisher, distributor, etc. | Delacorte Press/S. Lawrence, |
| Date of publication, distribution, etc. | c1978. |
| 300 ## - PHYSICAL DESCRIPTION | |
| Extent | 395 p. ; |
| Dimensions | 24 cm. |
| Other physical details | PB |
| 440 ## - SERIES STATEMENT/ADDED ENTRY--TITLE | |
| Title | Going after Cacciato |
| 650 #0 - SUBJECT ADDED ENTRY--TOPICAL TERM | |
| Topical term or geographic name entry element | Vietnam War, 1961-1975 |
| Form subdivision | Fiction. |
| 942 ## - ADDED ENTRY ELEMENTS (KOHA) | |
| Source of classification or shelving scheme | |
| Koha item type | Book |
| Withdrawn status | Lost status | Source of classification or shelving scheme | Damaged status | Not for loan | Collection code | Permanent Location | Current Location | Shelving location | Date acquired | Total Checkouts | Full call number | Barcode | Date last seen | Price effective from | Koha item type |
|---|---|---|---|---|---|---|---|---|---|---|---|---|---|---|---|
| Damaged | Central Library (CL) | Central Library (CL) | Fiction | 12/15/2015 | 813.54 OBR 1975 | NBSD-2404 | 12/15/2015 | 12/15/2015 | Book |
